Contemporary advertising / (Record no. 3625)

000 -LEADER
fixed length control field nam a22 a 4500
003 - CONTROL NUMBER IDENTIFIER
control field AKMAL
005 - DATE AND TIME OF LATEST TRANSACTION
control field 20170523123823.0
008 - FIXED-LENGTH DATA ELEMENTS--GENERAL INFORMATION
fixed length control field 170523s1986 -usz d 00 eng d
040 ## - CATALOGING SOURCE
Transcribing agency AKMAL
082 04 - DEWEY DECIMAL CLASSIFICATION NUMBER
Classification number 659.1 BOV
090 ## - LOCALLY ASSIGNED LC-TYPE CALL NUMBER (OCLC); LOCAL CALL NUMBER (RLIN)
Classification number (OCLC) (R) ; Classification number, CALL (RLIN) (NR) 659.1
Local cutter number (OCLC) ; Book number/undivided call number, CALL (RLIN) BOV
100 1# - MAIN ENTRY--PERSONAL NAME
Personal name Bovee, Courtland L.
9 (RLIN) 7176
245 10 - TITLE STATEMENT
Title Contemporary advertising /
Statement of responsibility, etc. Courtland L. Bovée, William F. Arens
250 ## - EDITION STATEMENT
Edition statement 2nd ed
260 ## - PUBLICATION, DISTRIBUTION, ETC.
Place of publication, distribution, etc. Homewood, Ill. :
Name of publisher, distributor, etc. Irwin,
Date of publication, distribution, etc. 1986
300 00 - PHYSICAL DESCRIPTION
Extent 629p. :
Other physical details ill. (some col.) ;
Dimensions 28cm
490 0# - SERIES STATEMENT
Series statement The Irwin series in marketing
650 #0 - SUBJECT ADDED ENTRY--TOPICAL TERM
Topical term or geographic name entry element Advertising
9 (RLIN) 7177
700 1# - ADDED ENTRY--PERSONAL NAME
Personal name Arens, William F.
9 (RLIN) 7178
942 ## - ADDED ENTRY ELEMENTS (KOHA)
Source of classification or shelving scheme
Koha item type Book
Holdings
Withdrawn status Lost status Source of classification or shelving scheme Damaged status Not for loan Collection code Home library Current library Shelving location Date acquired Inventory number Total Checkouts Full call number Barcode Date last seen Price effective from Koha item type
          NON-FICTION AKMAL Melaka AKMAL Melaka PINJAMAN 23.05.2017 600956   659.1 BOV 201704767 23.05.2017 23.05.2017 Book
Pusat Sumber Maklumat Dato' Haji Sarmin Md Hussin, Akademi Kastam Diraja Malaysia, Melaka
Tel: 06-2331106 | Faks: 06-2313787